[Event "10eme Open International de La Fere"]
[Site "La Fere (FRA)"]
[Date "2011.07.03"]
[Round "2.20"]
[White "Meunier, Samuel"]
[Black "Dagnicourt, Francis"]
[Result "1-0"]
[WhiteElo "1950"]
[BlackElo "1729"]
[PlyCount "55"]
[EventDate "2011.??.??"]

1. e4 d6 2. d4 Nf6 3. Nc3 g6 4. Bg5 Bg7 5. e5 dxe5 6. dxe5 Qxd1+ 7. Rxd1 Ng4 8.
h3 c6 9. hxg4 Bxg4 10. Be2 Bxe2 11. Ngxe2 Bxe5 12. O-O Bg7 13. Rd2 f6 14. Be3
e5 15. f4 Nd7 16. Rfd1 Nf8 17. fxe5 fxe5 18. Ne4 b6 19. N2c3 h6 20. Rd6 Rc8 21.
a4 Ke7 22. a5 Ne6 23. axb6 Nd4 24. bxa7 Ra8 25. Rxg6 Kf7 26. Rg3 Rxa7 27. Rf1+
Ke6 28. Rg6+ 1-0

[Event "10eme Open International de La Fere"]
[Site "La Fere (FRA)"]
[Date "2011.07.03"]
[Round "2.21"]
[White "Paillard, Maximilien"]
[Black "Mestdagh, Franck"]
[Result "0-1"]
[WhiteElo "1703"]
[BlackElo "1948"]
[PlyCount "118"]
[EventDate "2011.??.??"]

1. Nf3 c5 2. g3 d5 3. Bg2 Nc6 4. d3 e6 5. Nbd2 Nf6 6. O-O Be7 7. Re1 O-O 8. e4
Qc7 9. Qe2 Nb4 10. Nf1 dxe4 11. dxe4 e5 12. c3 Nc6 13. Ne3 Rd8 14. Nh4 Be6 15.
Nef5 Nd7 16. Qg4 Bf8 17. Bg5 Re8 18. Qe2 f6 19. Bd2 c4 20. Ne3 Ne7 21. Nd5 Nxd5
22. exd5 Bf7 23. Be3 Rad8 24. Rad1 b5 25. Qg4 Nc5 26. Bxc5 Qxc5 27. Nf5 Kh8 28.
Ne3 Qc7 29. Be4 g6 30. Qe2 Rd7 31. Bg2 Red8 32. Rd2 Qb6 33. Red1 Bc5 34. b4 Bf8
35. Ng4 Bg7 36. Qe3 Qxe3 37. Nxe3 f5 38. Nc2 e4 39. Nd4 Rxd5 40. Kf1 g5 41. Ke2
Bh5+ 42. f3 exf3+ 43. Bxf3 Bxf3+ 44. Nxf3 Rxd2+ 45. Rxd2 Re8+ 46. Kf2 Bxc3 47.
Rd5 Bxb4 48. Rxb5 a5 49. a3 Bxa3 50. Rxa5 Be7 51. Re5 c3 52. Nd4 Rd8 53. Nc2
Rd2+ 54. Re2 Bc5+ 55. Ke1 Rd5 56. Kf1 Kg7 57. Ke1 Kf6 58. Ne3 Bxe3 59. Rxe3 c2
0-1

[Event "10eme Open International de La Fere"]
[Site "La Fere (FRA)"]
[Date "2011.07.03"]
[Round "2.22"]
[White "Rigolot, Lucie"]
[Black "Vernede, Victor"]
[Result "1-0"]
[WhiteElo "1946"]
[BlackElo "1702"]
[PlyCount "53"]
[EventDate "2011.??.??"]

1. e4 e6 2. d4 d5 3. Nd2 Nf6 4. e5 Nfd7 5. f4 c5 6. c3 Nc6 7. Ndf3 Qb6 8. Ne2
Be7 9. g3 O-O 10. Bh3 cxd4 11. cxd4 Qb4+ 12. Nc3 Qc4 13. Be3 Bb4 14. Rc1 Qxa2
15. O-O Qxb2 16. Rf2 Qa3 17. Ra2 Qxc3 18. Rxc3 Bxc3 19. Qb3 Ba5 20. g4 Nb6 21.
Bd2 Nc4 22. Bxa5 N6xa5 23. Qd1 Bd7 24. f5 exf5 25. gxf5 h6 26. Rg2 Bc6 27. f6
1-0

[Event "10eme Open International de La Fere"]
[Site "La Fere (FRA)"]
[Date "2011.07.03"]
[Round "2.23"]
[White "Hutin, Evgueny"]
[Black "Van Poucke, Philippe"]
[Result "0-1"]
[WhiteElo "1923"]
[BlackElo "1688"]
[PlyCount "28"]
[EventDate "2011.??.??"]

1. d4 f5 2. Bg5 Nf6 3. Bxf6 exf6 4. e3 d5 5. c4 Bb4+ 6. Nc3 Bxc3+ 7. bxc3 c6 8.
Qb3 O-O 9. Nh3 Re8 10. cxd5 cxd5 11. Nf4 Kh8 12. Qxd5 Qc7 13. Ne2 f4 14. exf4
Qxc3+ 0-1

[Event "10eme Open International de La Fere"]
[Site "La Fere (FRA)"]
[Date "2011.07.03"]
[Round "2.25"]
[White "Londers, Jan"]
[Black "Gaudin, Roger"]
[Result "1-0"]
[WhiteElo "1877"]
[BlackElo "1535"]
[PlyCount "57"]
[EventDate "2011.??.??"]

1. e4 e6 2. Nf3 d5 3. e5 c5 4. b4 b6 5. c3 c4 6. d3 b5 7. a4 Bd7 8. axb5 Bxb5
9. Na3 Qb6 10. Be3 Qc6 11. Nd4 Qc7 12. Ndxb5 Qxe5 13. dxc4 Nf6 14. Qd4 Qxd4 15.
Bxd4 Kd7 16. Bxf6 gxf6 17. O-O-O a6 18. Nd4 Bh6+ 19. Kb2 Rc8 20. cxd5 exd5 21.
Nf5 Bf8 22. Nc4 Kc6 23. Na5+ Kb6 24. Ne3 Bg7 25. Nxd5+ Ka7 26. Be2 f5 27. Rd3
Re8 28. Bf3 Rd8 29. Nf4 1-0

[Event "10eme Open International de La Fere"]
[Site "La Fere (FRA)"]
[Date "2011.07.03"]
[Round "2.26"]
[White "Dumenil, Jean-Francois"]
[Black "Soveaux, Jean"]
[Result "1/2-1/2"]
[WhiteElo "1670"]
[BlackElo "1893"]
[PlyCount "80"]
[EventDate "2011.??.??"]

1. d4 Nf6 2. c4 e6 3. Nc3 Bb4 4. Nf3 O-O 5. Bd2 c5 6. e3 d5 7. Be2 Nc6 8. O-O
a6 9. a3 Bxc3 10. Bxc3 b6 11. dxc5 bxc5 12. Qc2 dxc4 13. Bxc4 Qe7 14. Rfd1 Bb7
15. Be2 Nd5 16. Be1 Rac8 17. Nd2 Rfd8 18. Nc4 f5 19. Bf3 Qf7 20. Bxd5 exd5 21.
Nb6 Rc7 22. Rac1 c4 23. Nxc4 Rdc8 24. Nb6 Nd4 25. Qd2 Rxc1 26. Nxc8 Rxd1 27.
Qxd1 Bxc8 28. Qxd4 Bb7 29. Bc3 h5 30. h3 Kh7 31. h4 Bc6 32. g3 Bb7 33. a4 Bc6
34. a5 Bb5 35. Qe5 Qd7 36. Qf4 Qf7 37. Qg5 Bc4 38. Qf4 Bb5 39. f3 Qd7 40. Qg5
Qf7 1/2-1/2

[Event "10eme Open International de La Fere"]
[Site "La Fere (FRA)"]
[Date "2011.07.03"]
[Round "2.27"]
[White "Poulain, Andre"]
[Black "Bouchard, Sebastien"]
[Result "1/2-1/2"]
[WhiteElo "1804"]
[BlackElo "1610"]
[PlyCount "75"]
[EventDate "2011.??.??"]

1. e4 e6 2. d4 d5 3. Nd2 Nf6 4. e5 Nfd7 5. Bd3 c5 6. c3 Nc6 7. Ne2 cxd4 8. cxd4
Qb6 9. Nf3 Bb4+ 10. Bd2 Bxd2+ 11. Qxd2 Qb4 12. Qxb4 Nxb4 13. Bb1 b6 14. a3 Nc6
15. Bd3 a6 16. Rc1 Bb7 17. Nc3 O-O 18. Na4 Rfc8 19. O-O g6 20. b4 a5 21. b5 Na7
22. Nh4 Rxc1 23. Rxc1 Rc8 24. Rxc8+ Nxc8 25. f4 Kg7 26. h3 h6 27. Nf3 f5 28.
Kf2 h5 29. Nd2 Kf7 30. Be2 Kg7 31. g4 Kf7 32. Kg3 Kg7 33. Nf1 Kf7 34. Ne3 Kg7
35. gxf5 gxf5 36. Nc3 Kf7 37. Bxh5+ Kf8 38. Ng2 1/2-1/2

[Event "10eme Open International de La Fere"]
[Site "La Fere (FRA)"]
[Date "2011.07.03"]
[Round "2.28"]
[White "Eeckhout, Jean-Louis"]
[Black "Louis, Andre"]
[Result "1/2-1/2"]
[WhiteElo "1696"]
[BlackElo "1800"]
[PlyCount "87"]
[EventDate "2011.??.??"]

1. d4 Nf6 2. c4 e6 3. Bg5 h6 4. Bh4 d5 5. a3 dxc4 6. Qa4+ Nc6 7. Nf3 Be7 8.
Qxc4 Qd5 9. Qd3 Qe4 10. Qxe4 Nxe4 11. Bxe7 Kxe7 12. e3 Na5 13. Nbd2 Nxd2 14.
Nxd2 f5 15. b4 Nc6 16. Bb5 Nd8 17. Nf3 Nf7 18. Rc1 c6 19. Ba4 Bd7 20. O-O a5
21. Bc2 axb4 22. axb4 Ra2 23. Bb3 Ra3 24. Rb1 Rha8 25. Rfc1 Nd6 26. Nd2 Be8 27.
Nc4 Nxc4 28. Bxc4 Bg6 29. Rb3 Ra1 30. Rbc3 Kd6 31. b5 R8a3 32. Bf1 cxb5 33.
Bxb5 Bh5 34. g3 Bf3 35. Bf1 Rxc1 36. Rxc1 Rb3 37. Bg2 Bxg2 38. Kxg2 Kd7 39. h4
b5 40. Kf3 Rb2 41. h5 b4 42. Rc5 b3 43. Rc3 Rb1 44. Rc2 1/2-1/2

[Event "10eme Open International de La Fere"]
[Site "La Fere (FRA)"]
[Date "2011.07.03"]
[Round "2.29"]
[White "Casier, Fabrice"]
[Black "Tawegoum, Ivan"]
[Result "1-0"]
[WhiteElo "1795"]
[BlackElo "1640"]
[PlyCount "43"]
[EventDate "2011.??.??"]

1. c4 e5 2. Nc3 Nf6 3. g3 Bb4 4. Bg2 O-O 5. Nf3 Re8 6. d3 c6 7. O-O h6 8. a3
Bxc3 9. bxc3 d5 10. cxd5 cxd5 11. Rb1 Qc7 12. Qb3 Nc6 13. Nd2 Rb8 14. Bxd5 Na5
15. Qa2 Nxd5 16. Qxd5 Qxc3 17. Ne4 Qc7 18. Bd2 Nc6 19. Rfc1 Be6 20. Qd6 Qxd6
21. Nxd6 Re7 22. Rxc6 1-0

[Event "10eme Open International de La Fere"]
[Site "La Fere (FRA)"]
[Date "2011.07.03"]
[Round "2.30"]
[White "Huyet, Yannick"]
[Black "Obert, Julien"]
[Result "0-1"]
[WhiteElo "1629"]
[BlackElo "1792"]
[PlyCount "44"]
[EventDate "2011.??.??"]

1. e4 e6 2. d4 d5 3. Nc3 Bb4 4. e5 c5 5. a3 Bxc3+ 6. bxc3 Qc7 7. Qg4 Ne7 8.
Qxg7 Rg8 9. Qxh7 cxd4 10. cxd4 Qc3+ 11. Bd2 Qxa1+ 12. Ke2 Qxd4 13. f4 Bd7 14.
Nf3 Qe4+ 15. Qxe4 dxe4 16. Nd4 a6 17. Ke3 Nbc6 18. Kxe4 Nxd4 19. Kxd4 Nf5+ 20.
Kd3 Bc6 21. Rg1 Nh4 22. g4 Nf3 0-1

[Event "10eme Open International de La Fere"]
[Site "La Fere (FRA)"]
[Date "2011.07.03"]
[Round "2.31"]
[White "Dupont, Victor"]
[Black "Dernoncourt, Christophe"]
[Result "1/2-1/2"]
[WhiteElo "1609"]
[BlackElo "1772"]
[PlyCount "60"]
[EventDate "2011.??.??"]

1. c4 e5 2. Nc3 Nf6 3. Nf3 Nc6 4. g3 Bb4 5. Bg2 h6 6. O-O e4 7. Ne1 Bxc3 8.
dxc3 d6 9. Nc2 O-O 10. Be3 Be6 11. c5 d5 12. Nd4 Nxd4 13. Bxd4 Nd7 14. Qc2 c6
15. c4 Rc8 16. Qc3 Qg5 17. a4 f5 18. cxd5 Bxd5 19. Rfd1 Nf6 20. b4 a6 21. Rab1
Qh5 22. e3 Qg4 23. Rd2 Rf7 24. b5 axb5 25. axb5 Rcf8 26. Bf1 Nh5 27. bxc6 bxc6
28. Be2 Qg6 29. Be5 Nf6 30. Bxf6 Qxf6 1/2-1/2

[Event "10eme Open International de La Fere"]
[Site "La Fere (FRA)"]
[Date "2011.07.03"]
[Round "2.32"]
[White "Alloui-Cros, Baptiste"]
[Black "De Brouwere, Johan"]
[Result "0-1"]
[WhiteElo "1599"]
[BlackElo "1768"]
[PlyCount "133"]
[EventDate "2011.??.??"]

1. d4 d5 2. c4 e6 3. Nc3 Nf6 4. cxd5 exd5 5. Bg5 Nbd7 6. e3 c6 7. Qc2 Qa5 8.
Bd3 Bb4 9. Nge2 O-O 10. O-O Ne4 11. Nxe4 dxe4 12. Bxe4 Qxg5 13. Bxh7+ Kh8 14.
Be4 Nf6 15. a3 Bd6 16. f4 Qh6 17. Rf3 Bg4 18. Rg3 Nxe4 19. Qxe4 Rae8 20. Qc2
Qh5 21. Nc1 Be7 22. e4 Bh4 23. Re3 Qh7 24. g3 Bd8 25. Nb3 Bb6 26. Rae1 Re7 27.
Nc5 Rfe8 28. Qc3 Qh5 29. b4 a5 30. bxa5 Bxc5 31. Qxc5 Qxc5 32. dxc5 Ra8 33. e5
Rxa5 34. Rc3 Rd7 35. Rb1 Rd1+ 36. Rxd1 Bxd1 37. Kf2 Bg4 38. Ke3 Be6 39. Kf3 Rb5
40. g4 Rb3 41. Rxb3 Bxb3 42. h4 g6 43. f5 gxf5 44. gxf5 Kg7 45. Kf4 Kh6 46. Kg4
Bd1+ 47. Kf4 Bb3 48. Kg4 Bc4 49. Kf4 Kh5 50. Kg3 Bd3 51. Kf4 Bc2 52. e6 fxe6
53. fxe6 Bg6 54. Ke5 Kxh4 55. Kd6 Kg5 56. Kc7 Kf6 57. Kxb7 Be4 58. Kb6 Kxe6 59.
Ka5 Kd5 60. Kb4 Bd3 61. a4 Kd4 62. Ka5 Bc2 63. Kb4 Kd5 64. Kc3 Bxa4 65. Kb4 Bb5
66. Kc3 Kxc5 67. Kb3 0-1

[Event "10eme Open International de La Fere"]
[Site "La Fere (FRA)"]
[Date "2011.07.03"]
[Round "2.33"]
[White "Delias, Gerard"]
[Black "Gomes, Alexis"]
[Result "1-0"]
[WhiteElo "1580"]
[BlackElo "1710"]
[PlyCount "103"]
[EventDate "2011.??.??"]

1. c4 Nf6 2. Nc3 e6 3. e4 Nc6 4. d4 Bb4 5. Nge2 Nxe4 6. Bd2 Nxd2 7. Qxd2 O-O 8.
a3 Bxc3 9. Nxc3 e5 10. dxe5 Nxe5 11. Be2 d6 12. O-O Qh4 13. f4 Ng4 14. Bxg4
Bxg4 15. Rae1 Rfe8 16. b3 Qh5 17. Kh1 Red8 18. Re3 d5 19. cxd5 Rd6 20. Rfe1 Be6
21. Qf2 Bd7 22. Re5 Qg6 23. Ne4 f6 24. Nxd6 fxe5 25. Nxb7 exf4 26. Qxf4 Rf8 27.
Qe3 Qa6 28. Nc5 Rf1+ 29. Rxf1 Qxf1+ 30. Qg1 Qb5 31. Nxd7 Qxd7 32. Qe3 Kf7 33.
Qxa7 Qxd5 34. Qxc7+ Ke6 35. Qc4 Qxc4 36. bxc4 Kd6 37. Kg1 Kc5 38. Kf2 Kxc4 39.
Kf3 Kb3 40. Kf4 Kxa3 41. Ke5 Kb3 42. g4 Kc4 43. h4 Kd3 44. h5 Ke3 45. Kf5 Kf3
46. g5 Kg3 47. h6 gxh6 48. gxh6 Kh4 49. Kf6 Kh5 50. Kg7 Kg5 51. Kxh7 Kf6 52.
Kg8 1-0

[Event "10eme Open International de La Fere"]
[Site "La Fere (FRA)"]
[Date "2011.07.03"]
[Round "2.34"]
[White "Lapersonne, Patrick"]
[Black "Vandervorst, Marc"]
[Result "0-1"]
[WhiteElo "1524"]
[BlackElo "1882"]
[PlyCount "98"]
[EventDate "2011.??.??"]

1. c4 e5 2. Nc3 Nf6 3. Nf3 Nc6 4. g3 Bc5 5. Bg2 d6 6. O-O a6 7. d3 h6 8. a3 O-O
9. b4 Ba7 10. e3 Bg4 11. h3 Bd7 12. d4 exd4 13. exd4 Rb8 14. d5 Ne5 15. Nxe5
dxe5 16. c5 Bf5 17. Be3 Bg6 18. b5 axb5 19. Nxb5 Ra8 20. Nxa7 Rxa7 21. c6 b6
22. Qb3 Ne8 23. Rfe1 Nd6 24. Bd2 f6 25. Bb4 Bf7 26. h4 Qa8 27. Bh3 Qxc6 28.
dxc6 Bxb3 29. Bxd6 cxd6 30. Bd7 Bc4 31. f4 Rc7 32. a4 Ra8 33. Reb1 Ra6 34. Rc1
d5 35. Rd1 Kf8 36. Kf2 Ke7 37. Ke3 Kd6 38. Rdc1 d4+ 39. Ke4 Bd5+ 40. Kf5 Raa7
41. Kg6 Bxc6 42. fxe5+ fxe5 43. Bxc6 Rxc6 44. Rxc6+ Kxc6 45. Kf5 Kd5 46. Re1
Rf7+ 47. Kg6 Ra7 48. Kf5 e4 49. Rxe4 Rf7+ 0-1

[Event "10eme Open International de La Fere"]
[Site "La Fere (FRA)"]
[Date "2011.07.03"]
[Round "2.35"]
[White "Podvin, Dominique"]
[Black "Molet, Asher"]
[Result "1/2-1/2"]
[WhiteElo "1499"]
[BlackElo "1859"]
[PlyCount "109"]
[EventDate "2011.??.??"]

1. e4 c5 2. Nc3 Nc6 3. Nf3 e5 4. Bc4 Be7 5. h3 Nf6 6. d3 O-O 7. Bg5 h6 8. Bh4
a6 9. Qd2 b5 10. Bb3 d6 11. a3 Nd4 12. Ba2 Rb8 13. b4 cxb4 14. axb4 Nc6 15. Nd5
Nxd5 16. Bxd5 Bxh4 17. Bxc6 Bf6 18. O-O Rb6 19. Bd5 Be6 20. Bxe6 fxe6 21. c4
Qc8 22. Qe3 Rc6 23. cxb5 axb5 24. Rfc1 Rc3 25. Kh2 Rf7 26. Rxc3 Qxc3 27. Ra7
Rxa7 28. Qxa7 Qxb4 29. Qb6 Qc5 30. Qb8+ Kh7 31. Qe8 Qc1 32. Qxb5 Bd8 33. Qe8
Qf4+ 34. Kg1 Qf6 35. Qd7 Qe7 36. Qc8 Bc7 37. Qb7 Qd8 38. Qc6 g5 39. Qc4 Qe7 40.
Qc6 Kg7 41. g4 Kf6 42. Kg2 Qd8 43. Qb7 Ke7 44. Qa7 Qb8 45. Qa4 Bb6 46. Qb4 Kf7
47. Qb5 Qa7 48. Qb2 Qa6 49. Qb3 Bc5 50. Qb1 Ke7 51. Qb3 Kd8 52. Qd1 Qa2 53. Qf1
Be3 54. Qe1 Bf4 55. Qf1 1/2-1/2

[Event "10eme Open International de La Fere"]
[Site "La Fere (FRA)"]
[Date "2011.07.03"]
[Round "2.36"]
[White "Boudier, Eric"]
[Black "Van Poucke, Guy"]
[Result "1-0"]
[WhiteElo "1840"]
[BlackElo "1490"]
[PlyCount "49"]
[EventDate "2011.??.??"]

1. Nc3 Nf6 2. e4 e5 3. f4 Nc6 4. Nf3 d6 5. Bc4 Bg4 6. h3 Bxf3 7. Qxf3 Be7 8. d3
O-O 9. O-O Nd4 10. Qd1 a6 11. a4 b5 12. axb5 axb5 13. Rxa8 Qxa8 14. Nxb5 Nxb5
15. Bxb5 Qb8 16. Bc4 c6 17. fxe5 dxe5 18. b3 Bc5+ 19. Kh1 Rd8 20. Qf3 Qc7 21.
Qg3 Kh8 22. Bg5 Rg8 23. Rxf6 Be7 24. Rxf7 Qd8 25. Rxe7 1-0

[Event "10eme Open International de La Fere"]
[Site "La Fere (FRA)"]
[Date "2011.07.03"]
[Round "2.38"]
[White "Denis, Monique"]
[Black "Durot, Edwige"]
[Result "0-1"]
[WhiteElo "1480"]
[BlackElo "1693"]
[PlyCount "106"]
[EventDate "2011.??.??"]

1. e4 c5 2. Nf3 e6 3. Bb5 a6 4. Be2 Nc6 5. O-O d6 6. c4 Nf6 7. d3 Be7 8. Nc3
Qc7 9. h3 O-O 10. Nh2 Nd4 11. f4 Nxe2+ 12. Qxe2 b6 13. g4 Bb7 14. g5 Nd7 15. h4
Rae8 16. Rf2 f5 17. Bd2 Nb8 18. Re1 Qd7 19. Qf1 b5 20. b3 b4 21. Nb1 Nc6 22.
Nf3 a5 23. e5 dxe5 24. Nxe5 Nxe5 25. fxe5 Qd4 26. Bf4 Rd8 27. Re3 Bc6 28. Nd2
Ra8 29. Qh3 Qa1+ 30. Nf1 a4 31. bxa4 Rxa4 32. Qg3 Be8 33. Qg2 Ra7 34. Kh2 Rc7
35. Ng3 Bc6 36. Qh3 Ra7 37. Ree2 Rfa8 38. Rf1 Qd4 39. Nxf5 exf5 40. Qxf5 Qd7
41. e6 Qe8 42. Qg4 Rxa2 43. Rff2 Rxe2 44. Qxe2 Ra1 45. Qe5 Rh1+ 46. Kg3 Qd8 47.
Qf5 Rg1+ 48. Kh3 Rh1+ 49. Bh2 Qf8 50. Qf7+ Qxf7 51. Rxf7 Bd6 52. Kg4 Rxh2 53.
e7 Kxf7 0-1

[Event "10eme Open International de La Fere"]
[Site "La Fere (FRA)"]
[Date "2011.07.03"]
[Round "2.39"]
[White "Devaux, Jean-Marc"]
[Black "Roux, Jean-Francois"]
[Result "0-1"]
[WhiteElo "1470"]
[BlackElo "1682"]
[PlyCount "86"]
[EventDate "2011.??.??"]

1. e4 c5 2. Nf3 d6 3. d4 cxd4 4. Nxd4 Nf6 5. Nc3 g6 6. Be2 Bg7 7. Be3 O-O 8.
O-O Nc6 9. f4 Bd7 10. Qd2 a6 11. Rad1 b5 12. Nxc6 Bxc6 13. Bf3 Qc7 14. Qc1 Rac8
15. a3 Rfd8 16. f5 Qb7 17. Nd5 Nxd5 18. exd5 Bd7 19. fxg6 fxg6 20. c3 Bf5 21.
Bd4 Bxd4+ 22. Rxd4 Qa7 23. Kh1 Qxd4 24. cxd4 Rxc1 25. Rxc1 Rc8 26. Rc6 Kf7 27.
Kg1 a5 28. b4 axb4 29. axb4 Ra8 30. Kf2 Ra4 31. Be2 Rxb4 32. Rb6 Bd7 33. Rb7
Be8 34. Ke3 Rb3+ 35. Kd2 Rb2+ 36. Kd1 Rb4 37. Kc2 Rxd4 38. Bxb5 Bxb5 39. Rxb5
Kf6 40. Kc3 Re4 41. Kd3 Ke5 42. Rb2 Rd4+ 43. Ke3 Kxd5 0-1

[Event "10eme Open International de La Fere"]
[Site "La Fere (FRA)"]
[Date "2011.07.03"]
[Round "2.40"]
[White "Brugge, Rodolphe"]
[Black "Chevance, Gerard"]
[Result "1/2-1/2"]
[WhiteElo "1440"]
[BlackElo "1660"]
[PlyCount "38"]
[EventDate "2011.??.??"]

1. e4 c6 2. Nc3 d5 3. d3 dxe4 4. Nxe4 Bf5 5. Nc3 Nf6 6. Nf3 Nbd7 7. Be2 e6 8.
O-O Bd6 9. Bg5 Qc7 10. d4 h6 11. Bxf6 Nxf6 12. Bd3 Bxd3 13. Qxd3 O-O 14. Rae1
Rad8 15. Ne4 Nd5 16. Nxd6 Qxd6 17. c3 Ne7 18. Rb1 Ng6 19. b4 a6 1/2-1/2

[Event "10eme Open International de La Fere"]
[Site "La Fere (FRA)"]
[Date "2011.07.03"]
[Round "2.41"]
[White "Paris, Pierre-Julien"]
[Black "Wolfangel, Jocelyne"]
[Result "1-0"]
[WhiteElo "1650"]
[BlackElo "1438"]
[PlyCount "145"]
[EventDate "2011.??.??"]

1. e4 d5 2. exd5 Qxd5 3. Nc3 Qd6 4. Nf3 a6 5. Bc4 e6 6. d4 b5 7. Bd3 Bb7 8. O-O
Nf6 9. Re1 Be7 10. Ne4 Qd8 11. Bf4 O-O 12. c3 Nbd7 13. a4 c6 14. Nd6 Bxd6 15.
Bxd6 Re8 16. Bf4 Nb6 17. axb5 cxb5 18. Ne5 Nbd5 19. Bg5 Qc7 20. Rc1 h5 21. c4
bxc4 22. Bxc4 Qd8 23. Bb3 Qa5 24. Ba4 Rec8 25. Nc6 Bxc6 26. Rxc6 Nb6 27. Rxc8+
Rxc8 28. Bb3 Qxg5 29. Re5 Qc1 30. Rc5 Qxd1+ 31. Bxd1 Nfd5 32. Bxh5 g6 33. Be2
a5 34. Kf1 Nf4 35. Ba6 Rxc5 36. dxc5 Nbd5 37. g3 Nh5 38. Ke2 Nc7 39. Bb7 Kf8
40. Kd3 Nf6 41. Kc3 Ke7 42. Kb3 Ng4 43. Ka4 Nxf2 44. Kxa5 Nd3 45. b4 f5 46. c6
Kd6 47. b5 Nxb5 48. Kxb5 Kc7 49. Kc4 Ne5+ 50. Kc5 Nf3 51. h4 Nd2 52. Kd4 Nf3+
53. Kc5 e5 54. Kd5 e4 55. Ba6 Nd2 56. Be2 Nb1 57. Ke6 Kxc6 58. Kf6 Kd6 59. Kxg6
Nc3 60. Bf1 Ke6 61. h5 Nd5 62. h6 Nf6 63. Bh3 e3 64. Bxf5+ Ke7 65. Bd3 Nd7 66.
h7 Nf8+ 67. Kh6 Nxh7 68. Kxh7 Kf6 69. Kh6 Ke5 70. g4 Kf4 71. g5 Ke5 72. g6 Kf6
73. Kh7 1-0

[Event "10eme Open International de La Fere"]
[Site "La Fere (FRA)"]
[Date "2011.07.03"]
[Round "2.42"]
[White "Pruvost, Alain"]
[Black "Podvin, Antoine"]
[Result "0-1"]
[WhiteElo "1647"]
[BlackElo "1377"]
[PlyCount "98"]
[EventDate "2011.??.??"]

1. b4 d5 2. c4 dxc4 3. e3 b5 4. a4 c6 5. axb5 cxb5 6. Qf3 Qc7 7. Qxa8 Nc6 8.
Ra6 Kd7 9. Qxc6+ Qxc6 10. Rxc6 Kxc6 11. Nf3 Nf6 12. Ne5+ Kb6 13. Nxf7 Rg8 14.
Bb2 Bf5 15. Nc3 e6 16. Na2 Nd5 17. Bc3 g6 18. Ne5 Nxc3 19. dxc3 Bg7 20. Nxc4+
bxc4 21. Bxc4 Rc8 22. Be2 Bb1 23. O-O Bxa2 24. Ra1 Bd5 25. Ra6+ Kb7 26. e4 Bc4
27. Bxc4 Rxc4 28. Rxe6 Rxc3 29. f3 Bf8 30. b5 Rb3 31. Re8 Bc5+ 32. Kf1 Rxb5 33.
Rh8 h5 34. Rg8 Rb1+ 35. Ke2 Rb2+ 36. Kd3 Rxg2 37. e5 Rxh2 38. Rxg6 Rh4 39. Rg7+
Kb6 40. Rf7 a5 41. e6 Rd4+ 42. Kc3 Rd8 43. Rh7 Re8 44. Rxh5 Rxe6 45. Kc4 Rc6
46. Rh1 a4 47. Rb1+ Kc7 48. Rb5 Bd6+ 49. Kd3 a3 0-1

[Event "10eme Open International de La Fere"]
[Site "La Fere (FRA)"]
[Date "2011.07.04"]
[Round "3.1"]
[White "Piankov, Evgenij"]
[Black "Lobzhanidze, Davit"]
[Result "1/2-1/2"]
[WhiteElo "2327"]
[BlackElo "2483"]
[PlyCount "54"]
[EventDate "2011.??.??"]

1. d4 Nf6 2. Nf3 g6 3. Bg5 Bg7 4. Nbd2 O-O 5. c3 d6 6. e4 Nbd7 7. Bc4 e5 8.
dxe5 dxe5 9. O-O h6 10. Bh4 Qe8 11. Qc2 Nh5 12. Rfe1 Kh8 13. Nf1 Nb6 14. Bb3 f5
15. exf5 Bxf5 16. Qc1 Nf4 17. Qe3 Qc6 18. Bg3 g5 19. Rad1 Rae8 20. Bxf4 exf4
21. Qd2 Nc4 22. Qc1 Rxe1 23. Rxe1 b5 24. Nd4 Bxd4 25. cxd4 Be4 26. Qc3 Bd5 27.
Bc2 Qd7 1/2-1/2

[Event "10eme Open International de La Fere"]
[Site "La Fere (FRA)"]
[Date "2011.07.04"]
[Round "3.2"]
[White "Houriez, Clement"]
[Black "Marchyllie, Bruno"]
[Result "1-0"]
[WhiteElo "2328"]
[BlackElo "2143"]
[PlyCount "87"]
[EventDate "2011.??.??"]

1. Nf3 d5 2. d4 Nf6 3. c4 c6 4. e3 a6 5. Nc3 b5 6. b3 g6 7. Bd3 Bg7 8. Qc2 O-O
9. O-O Bg4 10. Ne5 Be6 11. Ne2 Nfd7 12. Nxd7 Nxd7 13. cxd5 cxd5 14. Nf4 Qb6 15.
a4 Rfc8 16. Qe2 b4 17. a5 Qd6 18. Bd2 Bf5 19. Ra4 Bxd3 20. Nxd3 e5 21. Bxb4 Qe6
22. dxe5 Nxe5 23. Rd1 Nxd3 24. Qxd3 Rab8 25. Be1 Rb5 26. Ra2 d4 27. exd4 Rxb3
28. Qe2 Qd6 29. Rc2 Rcb8 30. Qe4 Qd7 31. d5 Re8 32. Qc4 Rb5 33. g3 Rd8 34. d6
Qf5 35. Qd3 Qe6 36. Re2 Re5 37. Rxe5 Bxe5 38. d7 h5 39. h4 f5 40. Bb4 f4 41.
Qe4 fxg3 42. fxg3 Qg4 43. Qxg4 hxg4 44. Be7 1-0

[Event "10eme Open International de La Fere"]
[Site "La Fere (FRA)"]
[Date "2011.07.04"]
[Round "3.3"]
[White "Miezis, Normunds"]
[Black "Schroeder, Jan-Christian"]
[Result "1-0"]
[WhiteElo "2520"]
[BlackElo "2164"]
[PlyCount "81"]
[EventDate "2011.??.??"]

1. c4 e6 2. e4 d5 3. exd5 exd5 4. d4 Nf6 5. Nc3 Bb4 6. Bd3 dxc4 7. Bxc4 O-O 8.
Nge2 Nc6 9. O-O Bg4 10. f3 Bf5 11. a3 Bxc3 12. bxc3 Nd5 13. g4 Be6 14. Ba2 Nb6
15. Bb1 Bc4 16. Rf2 Na5 17. Bc2 Bxe2 18. Rxe2 Re8 19. Re4 Nac4 20. Qd3 g6 21.
Bb3 Nd6 22. Re5 Nd7 23. Rxe8+ Nxe8 24. Bf4 Nc5 25. Qc4 Nxb3 26. Qxb3 b6 27. Be5
Rc8 28. Re1 Ng7 29. Qa4 Qd5 30. Kf2 a5 31. c4 Qd8 32. Qc6 Ne6 33. d5 Nc5 34.
Re3 h5 35. h3 hxg4 36. hxg4 Qh4+ 37. Kg2 Qg5 38. Bd4 Kh7 39. Kg3 f5 40. Bxc5
f4+ 41. Kg2 1-0

[Event "10eme Open International de La Fere"]
[Site "La Fere (FRA)"]
[Date "2011.07.04"]
[Round "3.4"]
[White "Lazarev, Vladimir"]
[Black "Jimenez, Martin"]
[Result "1-0"]
[WhiteElo "2445"]
[BlackElo "1888"]
[PlyCount "49"]
[EventDate "2011.??.??"]

1. d4 d5 2. c4 e6 3. Nc3 b6 4. Nf3 Bb7 5. Bf4 Bd6 6. Bxd6 Qxd6 7. cxd5 exd5 8.
e3 a6 9. Rc1 Nf6 10. g3 Nbd7 11. Bg2 O-O 12. O-O Rfe8 13. Nh4 g6 14. Qc2 Rac8
15. Rfd1 Ne4 16. Nf3 f5 17. Ne1 Qe6 18. Nd3 g5 19. b4 Nd6 20. a4 Red8 21. b5
Nc4 22. bxa6 Ba8 23. Nxd5 Bxd5 24. Bxd5 Qxd5 25. Qxc4 1-0

[Event "10eme Open International de La Fere"]
[Site "La Fere (FRA)"]
[Date "2011.07.04"]
[Round "3.5"]
[White "Dermenghen, Thomas"]
[Black "Jerez Perez, Alfonso"]
[Result "0-1"]
[WhiteElo "1839"]
[BlackElo "2416"]
[PlyCount "100"]
[EventDate "2011.??.??"]

1. e4 c5 2. Nf3 d6 3. d4 cxd4 4. Qxd4 Nc6 5. Bb5 Bd7 6. Bxc6 Bxc6 7. Nc3 Nf6 8.
Bg5 e6 9. O-O-O Be7 10. Rhe1 Qc7 11. Re2 O-O 12. Kb1 Rfd8 13. Qe3 b5 14. Nd4 b4
15. Ncb5 Bxb5 16. Nxb5 Qa5 17. Bxf6 Bxf6 18. Nd4 Rac8 19. f4 Qb6 20. Nf3 Qc7
21. g4 a5 22. g5 Be7 23. f5 Bf8 24. g6 h6 25. Ng5 exf5 26. gxf7+ Kh8 27. Ne6
Qxf7 28. Nxd8 Rxd8 29. Rf1 a4 30. Rxf5 Qg6 31. Qg3 Qe6 32. Rg2 Qg8 33. Rgf2 Re8
34. Qf3 Be7 35. Rg2 Qe6 36. Rg4 Bf6 37. h4 d5 38. e5 Bxe5 39. Rf8+ Rxf8 40.
Qxf8+ Kh7 41. Rg1 b3 42. axb3 axb3 43. Rf1 bxc2+ 44. Kxc2 Bf6 45. Rd1 Qe4+ 46.
Rd3 Qc4+ 47. Kd2 Qxh4 48. Qa3 Qf2+ 49. Kc1 Qe1+ 50. Rd1 Bg5+ 0-1

[Event "10eme Open International de La Fere"]
[Site "La Fere (FRA)"]
[Date "2011.07.04"]
[Round "3.6"]
[White "Van Wiele, Kurt"]
[Black "Peric, Slavisa"]
[Result "0-1"]
[WhiteElo "1806"]
[BlackElo "2258"]
[PlyCount "116"]
[EventDate "2011.??.??"]

1. e4 e6 2. Nf3 d5 3. e5 c5 4. b4 cxb4 5. a3 Nh6 6. axb4 Bxb4 7. c3 Be7 8. d4
Nf5 9. Bd3 Nc6 10. Nbd2 a6 11. Nf1 Bd7 12. Ng3 g6 13. Ne2 Na7 14. O-O Bb5 15.
Nf4 Rc8 16. Bd2 h5 17. Re1 Bxd3 18. Nxd3 Nb5 19. Qb3 Qc7 20. Rec1 Qc4 21. Qxc4
Rxc4 22. Nb2 Rc7 23. Na4 O-O 24. h3 Kg7 25. g4 hxg4 26. hxg4 Nh6 27. Nh2 Rc4
28. Kg2 Ba3 29. Rxa3 Nxa3 30. Nb6 Rc7 31. Rh1 Nc4 32. Bg5 Ng8 33. Na4 b5 34.
Nc5 Rxc5 35. dxc5 Nxe5 36. Be3 f6 37. g5 Nc4 38. gxf6+ Nxf6 39. Bc1 a5 40. Nf3
Rh8 41. Rxh8 Kxh8 42. Nd4 Ne4 43. c6 Nxc3 44. c7 Nb6 45. Nxe6 b4 46. Be3 Nc8
47. Nf4 Kh7 48. Kf3 a4 49. Bc5 b3 50. Nd3 Nb5 51. Ke3 a3 52. Bxa3 Nxa3 53. Kd4
Nc4 54. Kxd5 b2 55. Nxb2 Nxb2 56. Ke4 Kg7 57. Kf4 Kf6 58. Kg4 Nd3 0-1